Welcome to CU Library Online Public Access Catalogue (OPAC)

Exploring Sociology/ (Record no. 4813)

MARC details
000 -LEADER
fixed length control field 00551nam a22001937a 4500
005 - DATE AND TIME OF LATEST TRANSACTION
control field 20250314174407.0
008 - FIXED-LENGTH DATA ELEMENTS--GENERAL INFORMATION
fixed length control field 250314b |||||||| |||| 00| 0 eng d
020 ## - INTERNATIONAL STANDARD BOOK NUMBER
International Standard Book Number 9780138013646
050 ## - LIBRARY OF CONGRESS CALL NUMBER
Classification number HM586
Item number .R39 RAV
100 ## - MAIN ENTRY--PERSONAL NAME
Personal name Ravelli Bruce
245 ## - TITLE STATEMENT
Title Exploring Sociology/
Statement of responsibility, etc. Bruce Ravelli & Michelle Webber
250 ## - EDITION STATEMENT
Edition statement 2nd Ed.
260 ## - PUBLICATION, DISTRIBUTION, ETC.
Place of publication, distribution, etc. Toronto
Name of publisher, distributor, etc. Pearson Education Ltd.
Date of publication, distribution, etc. 2013
300 ## - PHYSICAL DESCRIPTION
Extent xx. 628p.
Other physical details ill. (some col.)
Dimensions 26 cm
500 ## - GENERAL NOTE
General note Includes Index
650 ## - SUBJECT ADDED ENTRY--TOPICAL TERM
Source of heading or term Sociology
700 ## - ADDED ENTRY--PERSONAL NAME
Personal name Webber Michelle
942 ## - ADDED ENTRY ELEMENTS (KOHA)
Source of classification or shelving scheme Library of Congress Classification
Koha item type Books
Edition 2nd Ed.
Suppress in OPAC No
999 ## -
-- 4813
-- 4813
Holdings
Withdrawn status Lost status Source of classification or shelving scheme Damaged status Not for loan Collection Home library Current library Shelving location Date acquired Total checkouts Full call number Barcode Date last seen Copy number Price effective from Koha item type
    Library of Congress Classification     Non-fiction Business Library (Miotso) Business Library (Miotso) General stacks 03/14/2025   HM586 .R39 RAV BSSM00001383 03/14/2025 1 03/14/2025 Books
© 2023-2024 Copyright: Central University Libraries. All Rights Reserved | Created by: Mahone Tech Office